Introduccin̤ al Derecho Privado

Detalles Bibliográficos
Autor principal: Acedo Penco, ℓngel
Formato: eBook
Lenguaje:español
Publicado: Madrid: Dykinson, 2013
Materias:
Acceso en línea:Acceso restringido

MARC

LEADER 00000nam a22000007a 4500
005 2014070901081.0
007 cr|||| ||||
008 140709s2013 es |||||s|||| 00||0 spa d
020 |a 978-84-9031-959-8 
035 |a 12222 
040 |a vLex 
090 |c 5009  |d 5009 
100 1 |a Acedo Penco, ℓngel 
245 1 0 |a Introduccin̤ al Derecho Privado  |h [Recurso electrn̤ico] /  |c ℓngel Acedo Penco 
256 |a Servicio en ln̕ea 
260 |a Madrid:  |b Dykinson,  |c 2013 
300 |a 1 recurso electrn̤ico 
500 |a La presente obra aborda la primera de las partes en las que se divide la disciplina del Derecho Civil espaǫl, aglutinado en este bloque la prc̀tica totalidad de las materias que tradicionalmente se vena̕n incluyendo en la antigua Parte general. Contiene la obra una aproximacin̤ a los conceptos bs̀icos del Derecho privado que configuran los perfiles introductorios del Derecho Civil. A continuacin̤ se trata el Derecho de la persona, estudiǹdose los rasgos jurd̕icos generales de la persona fs̕ica y la jurd̕ica, šta sin ǹimo de lucro, aądiňdose a la primera, el anl̀isis del nuevo Registro Civil de reciente reforma, y completando la segunda con las asociaciones y las fundaciones, seguido todo ello de la institucin̤ de la representacin̤ de las personas en sus m̀bitos de actuacin̤ jurd̕ica. Tambiň se dedicas sendos capt̕ulos a los derechos subjetivos y su ejercicio, incluyendo los bienes como objeto de aquľlos, a la norma jurd̕ica, exponente del Derecho objetivo y a la teora̕ general del negocio jurd̕ico, šta por su carc̀ter didc̀tico que ofrece al jurista los caracteres comunes aplicables a las figuras jurd̕icas donde se produce una declaracin̤ de voluntad. Pese a la sn̕tesis del volumen se incluyen numerosas referencias jurisprudenciales y doctrinales que se han relegado a los pies de pg̀ina, al igual que otras de carc̀ter legislativo que remiten al lector a los textos donde se ampla̕n los temas tratados, sin olvidar el abundante caudal bibliogrf̀ico al final de cada capt̕ulo, t︢il al investigador. 
650 0 4 |a Derecho Civil  |z Espaą 
740 0 |a vLex Libros (Servicio en ln̕ea) 
856 4 0 |u http://vlex.com/source/introduccion-al-derecho-privado-12222  |z Acceso restringido 
942 |c BOOK 
999 0 |a Civil Law